Most streamed songs : ABBA - Statistics

General Stats
  • This quiz has been taken 173 times
  • The average score is 7 of 10
Answer Stats
Streams Song % Correct
1 886 500 000 Dancing Queen
95%
785 000 000 Mamma Mia
83%
1 114 500 000 Gimme! Gimme! Gimme! (A Man After Midnight)
81%
475 500 000 Waterloo
78%
353 000 000 Money, Money, Money
63%
735 500 000 The Winner Takes It All
61%
721 500 000 Lay All Your Love On Me
54%
420 500 000 Chiquitita
51%
424 500 000 Super Trouper
48%
544 000 000 Take A Chance On Me
41%
No matching quizzes found
Score Distribution
Percent of People with Each Score
Percentile by Number Answered
Your Score History
You have not taken this quiz